中国地级行政区常住人口排名(地图版)All Chinese prefecture-level regions by population - Statistics

General Stats
  • This quiz has been taken 23 times
    15 since last reset
  • The average score is 53 of 391
Answers on the Map
Answers color-coded by a green-red scale on the quiz's map according to % correct below.
 
Answer Stats
首字母 行政区 常住人口 % Correct
C 重庆 32,054,159
100%
S 上海 24,870,895
83%
B 北京 21,893,095
83%
G 广州 18,676,605
83%
S 深圳 17,560,061
83%
T 天津 13,866,009
83%
X 西安 12,952,907
83%
S 苏州 12,748,262
83%
Z 郑州 12,600,574
83%
W 武汉 12,326,518
83%
Q 青岛 10,071,722
83%
C 长沙 10,047,914
83%
H 哈尔滨 10,009,854
83%
C 成都 20,937,757
67%
B 保定 11,544,036
67%
L 临沂 11,018,365
67%
D 东莞 10,466,625
67%
H 杭州 11,936,010
50%
S 石家庄 11,235,086
50%
W 温州 9,572,903
50%
F 佛山 9,498,863
50%
H 邯郸 9,413,990
50%
N 宁波 9,404,283
50%
N 南京 9,314,685
50%
X 徐州 9,083,790
50%
C 长春 9,066,906
50%
F 福州 8,677,249
50%
N 南阳 9,713,112
33%
W 潍坊 9,386,705
33%
H 合肥 9,369,881
33%
J 济南 9,202,432
33%
S 沈阳 9,070,093
33%
G 赣州 8,970,014
33%
H 菏泽 8,795,939
33%
Q 泉州 8,782,285
33%
N 南宁 8,741,584
33%
N 南通 7,726,635
33%
W 无锡 7,462,135
33%
#H… 香港特别行政区 7,413,070
33%
X 邢台 7,111,106
33%
X 厦门 5,163,970
33%
S 三沙 2,333
33%
Z 周口 9,026,015
17%
K 昆明 8,460,088
17%
J 济宁 8,357,897
17%
F 阜阳 8,200,264
17%
S 商丘 7,816,831
17%
T 唐山 7,717,983
17%
D 大连 7,450,785
17%
C 沧州 7,300,783
17%
Y 烟台 7,102,116
17%
L 洛阳 7,056,699
17%
J 金华 7,050,683
17%
Z 驻马店 7,008,427
17%
Z 湛江 6,981,236
17%
B 毕节 6,899,636
17%
Y 盐城 6,709,629
17%
T 台州 6,622,888
17%
N 南昌 6,255,007
17%
X 新乡 6,251,929
17%
X 信阳 6,234,401
17%
M 茂名 6,174,050
17%
H 惠州 6,042,852
17%
G 贵阳 5,987,018
17%
L 聊城 5,952,128
17%
H 黄冈 5,882,719
17%
Y 玉林 5,796,766
17%
Q 曲靖 5,765,775
17%
D 德州 5,611,194
17%
S 汕头 5,502,031
17%
A 安阳 5,477,614
17%
T 泰安 5,472,217
17%
L 廊坊 5,464,087
17%
J 嘉兴 5,400,868
17%
T 太原 5,304,061
17%
C 常州 5,278,121
17%
S 绍兴 5,270,977
17%
Z 昭通 5,092,611
17%
Y 岳阳 5,051,922
17%
B 亳州 4,996,844
17%
P 平顶山 4,987,137
17%
S 宿迁 4,986,192
17%
G 桂林 4,931,137
17%
M 绵阳 4,868,243
17%
L 凉山彝族自治州 4,858,359
17%
K 开封 4,824,016
17%
Z 淄博 4,704,138
17%
L 连云港 4,599,360
17%
Y 扬州 4,559,797
17%
H 淮安 4,556,230
17%
T 泰州 4,512,762
17%
K 喀什地区 4,496,377
17%
J 吉安 4,469,176
17%
L 六安 4,393,699
17%
#N… 新北 4,365,947
17%
X 咸阳 4,213,713
17%
H 衡水 4,212,933
17%
A 安庆 4,165,284
17%
L 柳州 4,157,934
17%
C 赤峰 4,035,967
17%
C 滁州 3,987,054
17%
B 滨州 3,928,568
17%
Z 枣庄 3,855,601
17%
P 濮阳 3,772,088
17%
Q 黔东南苗族侗族自治州 3,758,622
17%
S 绥化 3,756,167
17%
W 芜湖 3,644,420
17%
J 吉林 3,623,713
17%
J 焦作 3,521,078
17%
W 文山壮族苗族自治州 3,503,218
17%
Q 黔南布依族苗族自治州 3,494,385
17%
D 德阳 3,456,161
17%
H 呼和浩特 3,446,100
17%
H 湖州 3,367,579
17%
A 鞍山 3,325,372
17%
B 宝鸡 3,321,853
17%
B 蚌埠 3,296,408
17%
P 莆田 3,210,714
17%
Z 镇江 3,210,418
17%
Q 秦皇岛 3,136,879
17%
#T 台中 3,033,840
17%
Q 黔西南布依族苗族自治州 3,015,112
17%
R 日照 2,968,365
17%
W 威海 2,906,548
17%
T 通辽 2,873,168
17%
C 朝阳 2,872,857
17%
D 大庆 2,781,562
17%
A 阿克苏地区 2,714,422
17%
B 包头 2,709,378
17%
J 锦州 2,703,853
17%
A 安康 2,493,436
17%
X 西宁 2,467,965
17%
H 和田地区 2,441,231
17%
#T 桃园 2,441,064
17%
Z 珠海 2,439,585
17%
H 葫芦岛 2,434,194
17%
T 铁岭 2,388,294
17%
L 漯河 2,367,490
17%
Y 营口 2,328,582
17%
M 牡丹江 2,290,208
17%
Y 延安 2,282,581
17%
Q 衢州 2,276,184
17%
H 呼伦贝尔 2,242,875
17%
D 东营 2,193,518
17%
D 丹东 2,188,436
17%
Q 庆阳 2,179,716
17%
M 马鞍山 2,159,930
17%
J 佳木斯 2,156,505
17%
E 鄂尔多斯 2,153,638
17%
S 三门峡 2,034,872
17%
Y 延边朝鲜族自治州 1,986,339
17%
F 抚顺 1,861,372
17%
P 平凉 1,848,607
17%
S 四平 1,814,733
17%
T 通化 1,812,114
17%
F 阜新 1,647,280
17%
J 景德镇 1,618,979
17%
C 昌吉回族自治州 1,613,585
17%
L 辽阳 1,604,580
17%
B 白城 1,567,885
17%
B 巴彦淖尔 1,538,715
17%
B 巴音郭楞蒙古自治州 1,509,233
17%
J 鸡西 1,502,060
17%
W 武威 1,464,955
17%
P 盘锦 1,389,691
17%
W 吴忠 1,382,713
17%
H 海东 1,358,471
17%
B 本溪 1,326,018
17%
D 德宏傣族景颇族自治州 1,315,709
17%
H 黑河 1,286,401
17%
P 攀枝花 1,212,203
17%
S 双鸭山 1,208,803
17%
Z 舟山 1,157,817
17%
Y 鹰潭 1,154,223
17%
G 固原 1,142,142
17%
Z 张掖 1,131,016
17%
T 塔城地区 1,108,747
17%
G 甘孜藏族自治州 1,107,431
17%
Z 中卫 1,067,336
17%
J 酒泉 1,055,706
17%
S 三亚 1,031,396
17%
L 辽源 996,903
17%
D 儋州 954,259
17%
B 白山 951,866
17%
H 鹤岗 891,271
17%
Y 伊春 878,881
17%
L 拉萨 867,891
17%
A 阿坝藏族自治州 822,587
17%
R 日喀则 798,153
17%
C 昌都 760,966
17%
S 石嘴山 751,389
17%
Q 七台河 689,611
17%
#M 澳门特别行政区 678,800
17%
H 哈密 673,383
17%
A 阿勒泰地区 648,173
17%
K 克孜勒苏柯尔克孜自治州 622,222
17%
N 怒江傈僳族自治州 552,694
17%
N 那曲 504,838
17%
K 克拉玛依 490,348
17%
H 海西蒙古族藏族自治州 468,216
17%
H 海南藏族自治州 446,996
17%
J 金昌 438,026
17%
B 博尔塔拉蒙古自治州 433,467
17%
Y 玉树藏族自治州 425,199
17%
D 迪庆藏族自治州 387,511
17%
S 山南 354,035
17%
D 大兴安岭地区 331,276
17%
J 嘉峪关 312,663
17%
H 黄南藏族自治州 276,215
17%
H 海北藏族自治州 265,322
17%
A 阿拉善盟 262,361
17%
L 林芝 238,936
17%
G 果洛藏族自治州 215,573
17%
A 阿里地区 123,281
17%
*S 神农架林区 66,571
17%
H 衡阳 6,645,243
0%
Z 遵义 6,606,675
0%
S 邵阳 6,563,520
0%
S 上饶 6,491,088
0%
N 南充 5,607,565
0%
J 揭阳 5,577,814
0%
D 达州 5,385,422
0%
S 宿州 5,324,476
0%
Y 永州 5,289,824
0%
C 常德 5,279,102
0%
X 襄阳 5,260,951
0%
J 荆州 5,231,180
0%
Z 漳州 5,054,328
0%
Y 宜春 5,007,702
0%
J 江门 4,798,090
0%
Y 运城 4,774,508
0%
W 渭南 4,688,744
0%
C 郴州 4,667,134
0%
J 九江 4,600,276
0%
Y 宜宾 4,588,804
0%
H 怀化 4,587,594
0%
H 红河哈尼族彝族自治州 4,478,422
0%
Z 中山 4,418,060
0%
X 许昌 4,379,998
0%
L 兰州 4,359,446
0%
G 贵港 4,316,262
0%
X 孝感 4,270,371
0%
L 泸州 4,254,149
0%
Z 张家口 4,118,908
0%
Z 肇庆 4,113,594
0%
Q 齐齐哈尔 4,067,489
0%
W 乌鲁木齐 4,054,369
0%
Y 宜昌 4,017,607
0%
L 临汾 3,976,481
0%
Q 清远 3,969,473
0%
Z 株洲 3,902,738
0%
M 梅州 3,873,239
0%
Y 益阳 3,851,564
0%
L 娄底 3,826,996
0%
Y 榆林 3,624,750
0%
F 抚州 3,614,866
0%
B 百色 3,571,505
0%
E 恩施土家族苗族自治州 3,456,136
0%
H 河池 3,417,945
0%
L 吕梁 3,398,431
0%
J 晋中 3,379,498
0%
C 承德 3,354,444
0%
D 大理白族自治州 3,337,559
0%
Q 钦州 3,302,238
0%
T 铜仁 3,298,468
0%
G 广安 3,254,883
0%
H 汉中 3,211,462
0%
S 十堰 3,209,004
0%
C 长治 3,180,884
0%
L 乐山 3,160,168
0%
N 宁德 3,146,789
0%
N 内江 3,140,678
0%
D 大同 3,105,591
0%
H 淮南 3,033,528
0%
L 六盘水 3,031,602
0%
T 天水 2,984,659
0%
M 眉山 2,955,219
0%
H 海口 2,873,358
0%
Y 银川 2,859,074
0%
S 韶关 2,855,131
0%
H 河源 2,837,686
0%
W 梧州 2,820,977
0%
S 遂宁 2,814,196
0%
Y 伊犁哈萨克自治州 2,778,869
0%
#K 高雄 2,734,275
0%
X 湘潭 2,726,181
0%
L 龙岩 2,723,637
0%
B 巴中 2,712,894
0%
X 忻州 2,689,668
0%
N 南平 2,680,645
0%
S 汕尾 2,672,819
0%
X 咸宁 2,658,316
0%
Y 阳江 2,602,959
0%
J 荆门 2,596,927
0%
#T 台北 2,594,581
0%
C 潮州 2,568,387
0%
D 定西 2,524,097
0%
L 丽水 2,507,396
0%
X 宣城 2,500,063
0%
Z 自贡 2,489,256
0%
X 湘西土家族苗族自治州 2,488,105
0%
S 三明 2,486,450
0%
A 安顺 2,470,630
0%
H 黄石 2,469,079
0%
B 保山 2,431,211
0%
C 楚雄彝族自治州 2,416,747
0%
L 陇南 2,407,272
0%
P 普洱 2,404,954
0%
Y 云浮 2,383,350
0%
Z 资阳 2,308,631
0%
G 广元 2,305,657
0%
L 临沧 2,257,991
0%
S 松原 2,252,994
0%
Y 玉溪 2,249,502
0%
J 晋城 2,194,545
0%
L 临夏回族自治州 2,109,750
0%
C 崇左 2,088,692
0%
L 来宾 2,074,611
0%
S 随州 2,047,923
0%
S 商洛 2,041,231
0%
H 贺州 2,007,858
0%
H 淮北 1,970,265
0%
#T 台南 1,875,076
0%
B 北海 1,853,227
0%
P 萍乡 1,804,805
0%
W 乌兰察布 1,706,328
0%
S 朔州 1,593,444
0%
H 鹤壁 1,565,973
0%
Z 张家界 1,517,027
0%
B 白银 1,512,110
0%
Y 雅安 1,434,603
0%
X 兴安盟 1,416,929
0%
C 池州 1,342,764
0%
H 黄山 1,330,565
0%
Y 阳泉 1,318,505
0%
T 铜陵 1,311,726
0%
X 西双版纳傣族自治州 1,301,407
0%
L 丽江 1,253,878
0%
X 新余 1,202,499
0%
#C 彰化县 1,186,795
0%
*T 天门 1,158,640
0%
*X 仙桃 1,134,715
0%
X 锡林郭勒盟 1,107,075
0%
E 鄂州 1,079,353
0%
F 防城港 1,046,068
0%
*Q 潜江 886,547
0%
#P 屏东县 755,047
0%
*J 济源 727,265
0%
T 铜川 698,322
0%
T 吐鲁番 693,988
0%
G 甘南藏族自治州 691,808
0%
#H 新竹县 633,163
0%
#Y 云林县 591,111
0%
*W 文昌 560,894
0%
W 乌海 556,621
0%
*W 万宁 545,992
0%
*Q 琼海 528,238
0%
#M 苗栗县 521,962
0%
#H 新竹 499,468
0%
*S 石河子 498,587
0%
*C 澄迈县 497,953
0%
*L 乐东黎族自治县 464,435
0%
#C 嘉义县 464,164
0%
*D 东方 444,458
0%
#Y 宜兰县 433,319
0%
#N 南投县 430,211
0%
*L 临高县 420,594
0%
*L 陵水黎族自治县 372,511
0%
#K 基隆 367,264
0%
*A 阿拉尔 328,241
0%
#H 花莲县 300,406
0%
*D 定安县 284,690
0%
*T 图木舒克 263,245
0%
*T 屯昌县 255,335
0%
#C 嘉义 252,028
0%
*C 昌江黎族自治县 232,124
0%
#T 台东县 189,452
0%
*Q 琼中黎族苗族自治县 179,586
0%
*B 白沙黎族自治县 164,699
0%
*B 保亭黎族苗族自治县 156,108
0%
*W 五家渠 141,065
0%
*W 五指山 112,269
0%
*T 铁门关 104,746
0%
#P 澎湖县 81,738
0%
*K 可克达拉 69,524
0%
#K 金门县 67,173
0%
*K 昆玉 63,487
0%
*S 双河 54,731
0%
*H 胡杨河 29,891
0%
*B 北屯 20,414
0%
#L 连江县(马祖) 11,813
0%
No matching quizzes found
Score Distribution
Percent of People with Each Score
Percentile by Number Answered
Your Score History
You have not taken this quiz since the last reset